00472nam a2200145Ia 450000500170000000800410001710000190005824500670007726000110014430000110015565000240016694200070019099900150019795201140021220260328101440.0260328s9999||||xx |||||||||||||| ||und|| aKluver, Billy  0aPavilion :b Experiments in art and technology /cBilly Kluver bDutton a346 p. aDISEÑO INDUSTRIAL cBK c8217d8217 001040708GENaGPCbGPCcGENd2026-03-28i2012l0o745.2 K 17p2012r2026-03-28 15:14:40t1w2026-03-28yBK